000 00318nam a22000857a 4500
999 _c173242
_d173242
003 Nust
005 20170120120558.0
008 150528b xxu||||| |||| 00| 0 eng d
020 _a9789698535186
_cAvailable
040 _c0
082 _a954.9040
100 _4Aslam Bazmi
245 _aOur Quaid :As Remembered and Reported
_cBazmi Aslam
260 _aIslamabad
_bNUST Publishing National University Science & Technology Islamabad
_c2014
300 _a166p
942 _2ddc
_cBK